[Event "Sofia MTel Masters 2nd"]
[Site "Sofia"]
[Date "2006.05.12"]
[Round "2"]
[White "Svidler, Peter"]
[Black "Ponomariov, Ruslan"]
[Result "1-0"]
[WhiteElo "2743"]
[BlackElo "2738"]
[Annotator "Ftacnik,L"]
[PlyCount "85"]
[EventDate "2006.05.11"]
[EventType "tourn"]
[EventRounds "10"]
[EventCountry "BUL"]
[EventCategory "20"]
[SourceTitle "CBM 113"]
[Source "ChessBase"]
[SourceDate "2006.07.31"]
[SourceVersion "1"]
[SourceVersionDate "2006.07.31"]
[SourceQuality "1"]

1. e4 c5 2. Nf3 d6 3. d4 cxd4 4. Nxd4 Nf6 5. Nc3 a6 6. Be3 e5 7. Nb3 Be6 8. f3
Nbd7 9. g4 Be7 10. Qd2 O-O 11. g5 Nh5 12. O-O-O b5 13. Nd5 Bxd5 14. exd5 f5 {
This line is remarkable in it´s nature. Black has next to no firepower on
light squares, but his counterplay will be build around the dark ones.} 15.
gxf6 Bxf6 16. Na5 Nf4 17. Nc6 (17. Kb1 Nb6 18. c4 bxc4 19. Qb4 Nd7 20. Nc6 Qc7
21. Qxc4 Rfc8 22. h4 Kh8 23. Qe4 Nxd5 24. Bd3 Nf8 25. Qxd5 Qxc6 26. Qxc6 Rxc6
27. Be4 $16 {1-0 Arakhamia Grant,K (2452)-Vajda,S (2391)/Chisinau 2005 (48)}) (
17. c4 bxc4 18. Bxc4 Ng2 19. Qxg2 Qxa5 20. Kb1 Rab8 21. Qd2 Qd8 22. b3 a5 $11 {
1-0 Zontakh,A (2543)-Purtov,A (2404)/St Petersburg 2005 (58)}) 17... Qc7 18. c4
$5 $146 {Novelty and the whole concept is aimed against the counterplay with
Nb6.} (18. Bd3 Nb6 19. Bxb6 Qxb6 20. Rhg1 Kh8 (20... Nxd3+ 21. Qxd3 Bh4 (21...
Rf7 22. Rg4 Raf8 23. Rf1 g6 24. Kb1 Bg7 25. a4 bxa4 26. Rb4 Qc5 27. Rxa4 $14 {
0-1 Vovk,Y (2421)-Areshchenko,A (2660)/Evpatoria 2006 (52)}) 22. Kb1 Rf4 23.
Qf1 Qc7 24. Qh3 Re8 25. Rg4 Bf6 $11 {1/2 Kryvoruchko,Y (2474)-Bindrich,F (2326)
/Deizisau 2005 (78)}) 21. Be4 b4 22. Kb1 a5 23. Rg4 Rf7 24. Rdg1 Nh3 25. Rf1
Nf4 {1/2 Mutschnik,I (2410)-Bindrich,F (2326)/Deizisau 2005}) (18. Kb1 Nb6 19.
Bxf4 exf4 20. c3 Rae8 21. Rg1 Re3 22. Rg4 Rxf3 23. Bd3 Qf7 24. Rxf4 Rxf4 25.
Qxf4 Qh5 $11 {1/2 Bologan,V (2666)-Efimenko,Z (2648)/Sochi 2006 (39)}) 18...
Nb8 (18... Nb6 $2 19. Qa5 $16) (18... bxc4 19. Bxc4 a5 $5) 19. Qa5 Rc8 $2 {
Indirectly Ponomariov is admitting, that Black has serious problems. The only
chance for real resistance must be connected with the retreat of the black
queen.} (19... Qb7 20. cxb5 axb5 21. Qxb5 Qxb5 (21... Qf7 22. Bxf4 exf4 23. Bh3
$14) 22. Bxb5 Rxa2 23. Kb1 Ra8 24. Rc1 Nd7 $13) 20. Kb1 (20. Qxc7 $5 Rxc7 21.
Kb1 $14) 20... bxc4 {The choices were already pretty rotten for the second
player.} (20... Nxc6 21. Qxc7 Rxc7 22. dxc6 Rxc6 (22... Rb8 23. cxb5 axb5 24.
Rxd6 $16) 23. cxb5 axb5 24. Bxb5 $16) (20... Qb7 21. cxb5 axb5 22. Qxb5 Qd7 23.
Qc4 $16) 21. Qxc7 Rxc7 22. Bxc4 Kf8 (22... Nxc6 23. dxc6+ d5 24. Rxd5 Nxd5 25.
Bxd5+ Kf8 26. Bb6 Rac8 27. Bxc7 Rxc7 28. Kc2 $16) 23. Na5 $1 {[%mdl 2048] Very
fine move clearly underlining the fact, that the black queenside pieces are
under lot of pressure.} (23. Bb3 Nxc6 24. dxc6 Ke7 25. Bxf4 exf4 26. Rhe1+ Be5
27. Bd5 $16) 23... Nd7 24. Rc1 Bg5 (24... Rac8 25. Bxa6 (25. b4 $5 $16) 25...
Rxc1+ 26. Rxc1 Rxc1+ 27. Bxc1 Nxd5 28. Nc6 $16) 25. h4 Bh6 26. Bb3 Rac8 27. Rc6
$1 Ne2 {Ponomariov must have agonized about the most promissing line of
resistance, the tactics with 27...Nxd5 was not exactly encouraging.} (27...
Nxd5 28. Bxh6 Rxc6 29. Nxc6 N7f6 (29... Rxc6 $2 30. Bxd5 Rc5 31. Be6 $18) (
29... N5f6 30. Bxg7+ $1 Kxg7 31. Ne7 Rd8 32. Nf5+ Kf8 33. Nxd6 $16) 30. Na5 (
30. Nxe5 gxh6 31. Nc4 $16) 30... gxh6 31. Rd1 Rc5 32. Nb7 Rb5 33. Nxd6 $16) 28.
Bxh6 gxh6 29. Bc4 (29. Rxd6 $4 Rc1+ $19) 29... Nd4 30. Bxa6 $5 {Reportedly
Svidler have played this move pretty quickly and it is hard to tell how much
he had calculated or felt.} (30. Rxd6 Ke7 31. Rxh6 Rxc4 32. Nxc4 Rxc4 33. Rxh7+
Kd6 34. Rf7 $16) 30... Nxc6 31. dxc6 Rxc6 (31... Ra8 32. cxd7 Ke7 (32... Rxd7
33. Bb5 $18) 33. Bc8 $1 Rxa5 34. Rg1 Rac5 $1 (34... Rxd7 35. Rg7+ Kd8 36. Bxd7
Ra7 37. Rg8+ $18) 35. Rg7+ Kf6 36. d8=Q+ Kxg7 37. a4 Rxc8 38. Qxd6 $18) 32.
Nxc6 Rxc6 33. Bb5 Rc7 34. Rc1 $1 {This is the position Peter was striving for,
nominally the position is equal but the white bishop and two passed pawns
promise a huge advantage with no risk.} Nc5 (34... Rxc1+ 35. Kxc1 Nc5 36. Kd2
$16) 35. Bc4 (35. b4 $2 Rb7 36. a4 Nxa4 $1 $19) 35... e4 (35... Ke7 36. b4 Rb7
37. a3 Ne6 38. Bd5 $16) 36. b4 $1 Rb7 37. a3 exf3 38. Rf1 Na4 39. Rxf3+ Kg7 40.
Bb3 Nb6 41. Kb2 {Ponomariov has no arguments for preventing the advance of the
white queenside pawns.} Re7 42. a4 Re4 43. Ka3 (43. Ka3 Rxh4 (43... Nc4+ 44.
Bxc4 Rxc4 45. a5 Rc1 46. Ka4 Ra1+ 47. Kb5 d5 48. a6 $18) 44. a5 Nc4+ 45. Ka4
Nd2 46. a6 Nxf3 47. a7 Rh1 48. Ka3 Ra1+ 49. Ba2 $18) 1-0

[Event "Moscow Tal Memorial 1st"]
[Site "Moscow"]
[Date "2006.11.10"]
[Round "4"]
[White "Mamedyarov, Shakhriyar"]
[Black "Ponomariov, Ruslan"]
[Result "1/2-1/2"]
[WhiteElo "2728"]
[BlackElo "2703"]
[Annotator "Krasenkow,M"]
[PlyCount "159"]
[EventDate "2006.11.06"]
[EventType "tourn"]
[EventRounds "9"]
[EventCountry "RUS"]
[EventCategory "20"]
[SourceTitle "CBM 116"]
[Source "ChessBase"]
[SourceDate "2007.02.01"]
[SourceVersion "1"]
[SourceVersionDate "2007.02.01"]
[SourceQuality "1"]

1. d4 Nf6 2. c4 e6 3. Nf3 b6 4. g3 Bb4+ 5. Nbd2 Bb7 6. Bg2 O-O 7. O-O Be7 8. b3
c5 9. dxc5 bxc5 {A typical position has arisen. Black's two queenside pawns
hold three white pawns, with an eventual possibility of undermining ...
a7-a5-a4. It is very essential that the white knight is on d2 (it would better
stay on c3 controlling the a4 square and aiming at b5 in case of ...a7-a5).
White's counterchances are on the kingside; to ...a7-a5 he can reply a2-a4 and
then try to bring his knight to b5 after all. If White plays e2-e4, Black,
besides the queenside undermining, has another plan: ...e6-e5 then bringing
his knight to d4. Generally, the position is roughly equal.} 10. Bb2 d6 11. Qc2
Nbd7 12. Rad1 {The following game illustrates Black's triumphant strategy:} (
12. e4 Qc7 13. Rfe1 Rfd8 14. Rad1 h6 15. h3 Nh7 16. Nf1 Bf6 17. Bc1 Be7 18. g4
$6 Ne5 19. Ng3 Nf8 20. Nh5 Nxf3+ 21. Bxf3 e5 22. Ng3 Ne6 23. Nf5 Bg5 24. Bg2
Rd7 25. h4 Bf4 26. Qc3 Bxc1 27. Rxc1 Kh7 28. Qg3 g6 29. Ne3 Nf4 30. Rc2 a5 31.
Nd5 Bxd5 32. exd5 f5 $19 {0-1 Adianto,U-Adorjan,A/Indonesia 1983/MCD (46)})
12... Qc7 13. e4 (13. Ng5 $5 {needs more tests. In the following game White
was successful:} Bxg2 14. Kxg2 Rac8 15. Nge4 Qb7 16. Kg1 d5 17. Bxf6 Nxf6 18.
Nxf6+ Bxf6 19. e4 Rfd8 20. exd5 exd5 21. Rfe1 Re8 22. Qd3 dxc4 23. Nxc4 $14 {
1-0 Bischoff,K-Nagatz,F/Germany 1992/GER-chT (42)}) 13... Bc6 14. Rfe1 Qb7 15.
h3 a5 16. a4 Rfb8 17. Nh2 Ne8 18. Ba1 Bf6 (18... e5 $5 {[%cal Yd7f8,Yf8e6] V.
Emelin} 19. f4 exf4 20. gxf4 Nc7 $132 {[%cal Yc7e6]}) 19. Bxf6 Ndxf6 20. f4 Ra6
21. Nhf3 Qe7 22. Kh2 e5 23. f5 Rab6 24. Re3 {Black has no real counterplay now
but his position is extremely solid.} h6 25. g4 Nc7 26. Rg1 g5 27. Bf1 Kg7 28.
h4 Rh8 29. hxg5 hxg5+ 30. Bh3 Nfe8 31. Nf1 f6 32. Qd2 Ra6 33. Ng3 Kf8 34. Nh5 {
Black must now carefully follow White's possible piece sacrifices on f6 or g5.}
Rg8 35. Rd1 Ra7 36. Ne1 Na6 37. Nc2 Qd8 38. Bg2 Nb4 39. Nxb4 (39. Na3 Rd7 40.
Nb5 Bb7 {[%cal Yb4c6,Yc6d4] V.Emelin}) 39... axb4 40. Rd3 Rd7 41. Kg3 Rh8 42.
Bf3 Rhh7 43. Rh1 Kg8 44. Rd1 Kf8 45. Kf2 Kg8 46. Bg2 Kf8 47. Rh1 Kg8 48. Rdh3
Rdf7 49. R1h2 Qe7 50. Bf3 Qd8 51. Qc1 Qe7 52. Qh1 Bb7 53. a5 {This pawn later
becomes rather weak than strong and eventually falls but it's a fortress
anyway.} Ba6 54. Qd1 Bb7 55. Qa1 Ba6 56. Qh1 Bb7 57. Ng3 Rxh3 58. Rxh3 Rh7 59.
Rxh7 Qxh7 60. Qa1 Ba6 61. Qa4 Kf8 62. Nf1 (62. Qc6 Qb7) 62... Qb7 63. Ne3 Ke7
64. Qa1 Kd8 65. Qh1 Qg7 66. Nd5 Kd7 67. Qh5 (67. Qa1 Kd8 68. Qa4 Qd7) 67... Kd8
68. Be2 Kd7 69. Qg6 Qxg6 70. fxg6 Bc8 71. Kg3 Kc6 72. Ne7+ Kc7 73. Nf5 Be6 74.
g7 Kb7 75. Kf2 Ka6 76. Kg3 Kxa5 77. Kf2 Kb6 78. Kg3 Kc7 79. Kf2 Kd7 80. Ke3
1/2-1/2

[Event "Moscow Tal Memorial 1st"]
[Site "Moscow"]
[Date "2006.11.11"]
[Round "5"]
[White "Ponomariov, Ruslan"]
[Black "Svidler, Peter"]
[Result "1/2-1/2"]
[WhiteElo "2703"]
[BlackElo "2750"]
[Annotator "Krasenkow,M"]
[PlyCount "59"]
[EventDate "2006.11.06"]
[EventType "tourn"]
[EventRounds "9"]
[EventCountry "RUS"]
[EventCategory "20"]
[SourceTitle "CBM 116"]
[Source "ChessBase"]
[SourceDate "2007.02.01"]
[SourceVersion "1"]
[SourceVersionDate "2007.02.01"]
[SourceQuality "1"]

1. d4 Nf6 2. c4 g6 3. Nc3 d5 4. cxd5 Nxd5 5. e4 Nxc3 6. bxc3 Bg7 7. Bg5 {
[%mdl 4] About this system - see the opening review in this issue. It is
really amazing that 7.Bg5 was not played in tournament games before 2004!} c5
8. Rc1 cxd4 9. cxd4 O-O 10. Nf3 Bg4 11. d5 Nd7 12. Be2 Nf6 {Not the best
square for the knight but Black didn't want to exchange his g4 bishop.} (12...
Qa5+ 13. Qd2 Qa3 14. O-O Rfc8 15. h3 Bxf3 16. Bxf3 $14 {[%cal Rf3g4]}) 13. h3
Bd7 14. Bd3 h6 $6 (14... Qa5+ $142 15. Qd2 Qa4 (15... Qa3 16. Rc3 Qa4 17. Rc4)
16. Rc4 Qa3 {P.Svidler} 17. O-O Rac8 18. Rfc1 Rxc4 19. Rxc4 Bb5 20. Rc3 Qa6 21.
Bxb5 Qxb5 22. Rb3 $14) 15. Bf4 e6 $6 {This leads to a bad position for Black.}
(15... Qa5+ $142 16. Qd2 {[%csl Rh6]} Qxd2+ 17. Kxd2 Rfc8 $14 {_|_} 18. Be3 $5)
16. Bc7 Qe8 17. d6 {[%csl Gc7,Gd6]} Bc6 18. Qe2 Nh5 19. g3 e5 20. O-O Qd7 21.
Kh2 Bf6 22. Rfd1 $6 {This move is too sluggish. White's outposts in the centre
needed active support:} (22. Rc5 $142 $1 Ng7 (22... Rfe8 23. Bb5 $1) 23. Nxe5
Bxe5 24. Rxe5 Ne6 25. Rxe6 $1 Qxe6 26. e5 $16 {[%csl Gc7,Gd6,Ge5] V.Emelin})
22... Ng7 23. Bc4 Rac8 24. Bd5 Ne6 25. Bxc6 bxc6 26. Qa6 Nxc7 27. Qxa7 Kg7 28.
Qb7 Qd8 29. dxc7 Qxc7 30. Qxc7 (30. Qxc7 Rxc7 31. a4 Ra7 32. Rc4 Rfa8 33. Ra1
Ra5 34. Kg2 $14 {[%csl Ga4,Rf6] and White could still play for a win although
a draw was highly probable.}) 1/2-1/2

[Event "Candidates sf"]
[Site "Elista"]
[Date "2007.05.27"]
[Round "1.1"]
[White "Ponomariov, Ruslan"]
[Black "Rublevsky, Sergei"]
[Result "1/2-1/2"]
[WhiteElo "2717"]
[BlackElo "2680"]
[Annotator "Rogozenco,D"]
[PlyCount "74"]
[EventDate "2007.05.27"]
[EventType "k.o."]
[EventRounds "12"]
[EventCountry "RUS"]
[SourceTitle "CBM 119"]
[Source "ChessBase"]
[SourceDate "2007.08.01"]
[SourceVersion "1"]
[SourceVersionDate "2007.08.01"]
[SourceQuality "1"]

1. d4 d5 2. c4 c6 3. Nf3 Nf6 4. Nc3 dxc4 5. a4 Bf5 6. Ne5 e6 7. f3 c5 {This
move was hardly a surprise for Ponomariov. Although Rublevsky has never played
it before, as Kramnik's second in the Elista match it was clear that he might
use one of Kramnik's favourite opening ideas. It seems that 7...c5 is indeed a
clever choice in match play. Black is happy with the draw, which is
particularly important in matches.} 8. e4 Bg6 9. Be3 cxd4 10. Qxd4 Qxd4 11.
Bxd4 Nfd7 12. Nxd7 Nxd7 13. Bxc4 Rc8 $5 $146 {In connection with the next move
this is a new plan for Black, who doesn't mind giving up control over the
b5-square.} ({In the fifth game of the match Rublevsky already went for the
well-known path:} 13... a6 14. Ke2 ({Aronian prefers the immediate} 14. h4)
14... Rg8 15. h4 Rc8 16. Ba2 Bc5 $1 {A small trick. Black doesn't waste time
for ...h5 yet.} 17. Bxc5 (17. Rhd1 Ke7 $11) 17... Rxc5 18. Rac1 h5 19. b4 Rc6
20. Nb1 Ke7 21. Rxc6 bxc6 22. Nc3 Rb8 23. Rb1 f5 24. Bc4 fxe4 25. fxe4 Nf6 26.
Ke3 Nd5+ $1 {Another trick.} 27. Nxd5+ (27. exd5 $2 Bxb1 28. Nxb1 Rxb4 29. Nd2
cxd5 30. Bxa6 Rxa4 31. Be2 Rxh4 $19) 27... exd5 28. Bxa6 Bxe4 29. Rb2 Kd6 $11 {
1/2-1/2 Ponomariov,R (2717)-Rublevsky,S (2680)/Elista 2007 (40)}) 14. Ba2 ({
Nothing appears to be achieved by} 14. Bb5 a6 15. Bxd7+ Kxd7 {For instance:}
16. Ke2 ({or} 16. O-O-O Ke8 17. Rd2 f6 18. Rhd1 Be7) 16... f6 17. Rhd1 Ke8 (
17... Bd6 $2 18. e5 fxe5 19. Bxe5 Rc6 20. Bxg7 $18 Rg8 21. Be5 Bc2 22. Rxd6+
Rxd6 23. Bxd6 Kxd6 (23... Rxg2+ 24. Kf1 $18) 24. g3 $16) 18. Bb6 (18. Rd2 Bb4
19. Rad1 Ke7 20. Bb6 Be8 $11 {[%cal Ge8c6]}) 18... Bc5 19. Bxc5 Rxc5 20. Rd2
Ke7 21. Rad1 Rc7 $11) 14... a5 $5 {The game shows the resources of Black's
position. First he gives up the b5-square, then he will unnecessary lose a
tempo, but even so will still make a draw rather easily. With 14...a5 Black
achieves a favourable blockade on the queenside, so from the positional point
of view the move is quite attractive. Its drawback is that Black is behind in
development and the advance of the a-pawn doesn't help Black in that respect.
The second drawback is the newly created weakness of the b5-square. In the
present game White couldn't take advantage of the said drawbacks.} 15. h4 ({
If White wanted to reach the game position after Black's 16th move, then more
precise is to start with} 15. Rc1 {when} Rg8 16. h4 h5 17. Ke2 Bc5 {leads to
the game}) ({But perhaps White should try to take control over the d-file as
soon as possible, without wasting time on Rac1. Deserving attention is} 15. Ke2
Rg8 16. h4 (16. Rhd1 Bc5 17. Nb5 Ke7 18. Bc3 b6 19. Rd2 f6 20. Rad1 Rgd8 21.
Nd4 Bf7 $13 {/=}) ({It is interesting to sacrifice a pawn for quick activity:} 
16. Nb5 $5 Rc2+ 17. Kd3 Rxg2 18. Rac1 Kd8 19. Rhd1 $44) {although after} 16...
Bc5 (16... h5 17. Rhd1 Bc5 18. Nb5 Ke7 19. Bc3 b6 (19... Bb4 20. Bxb4+ axb4 21.
Rac1 $14) 20. Rd2 f6 21. Rad1 Rgd8 22. Nd4 ({It is not clear how to improve
the position after} 22. Nd6 Rc7) 22... Bf7 23. Nf5+ $1 exf5 24. Bxf7 fxe4 25.
Bxh5 exf3+ 26. Bxf3 $14) 17. Rad1 (17. Rhd1 Ke7 $11) 17... h5 18. Nb5 Ke7 19.
Bc3 Bb4 $1 20. Bxb4+ axb4 {Black has little to fear.}) (15. Nb5 Bb4+ 16. Kf2
Ke7 $11) 15... h5 16. Rc1 Rg8 ({Black could exploit White's move order with} 
16... Bc5 17. Nb5 (17. Bxg7 $2 Rh7 $19) (17. Ne2 O-O 18. O-O e5 19. Bxc5 Nxc5 {
[%csl Ra4] Here the advantages of 14...a5 can be seen: the queenside is
blockaded in Black's favour.}) 17... Ke7 18. Bc3 (18. Bxg7 Bd4 $1 19. Rxc8 Rxc8
20. Bh6 Bxb2 $11) 18... b6 19. Ke2 f6 20. Rhd1 Rhd8 {and compared to the game
Black is a tempo up (he didn't waste time for ...Rg8). On the other hand it
must be mentioned that Black is so solid, that even an extra tempo doesn't
give White anything substantial.}) 17. Ke2 {It would have been nice for White
to bring somehow the knight via e2 to f4 (taking advantage of the inclusion of
h4/h5), but due to Black's pressure on the c-file White cannot achieve it
under good circumstances.} (17. O-O Bc5 18. Ne2 Ke7 $11) 17... Bc5 18. Nb5 (18.
Rhd1 Ke7 19. Rd2 Bxd4 20. Rxd4 Ne5 21. Rcd1 Rgd8 $11) 18... Ke7 19. Bc3 b6 (
19... Bb4 20. Bxb4+ axb4 21. Rhd1 Rgd8 22. Bb3 $5 $14 f6 $140 (22... Nc5 $2 23.
Rxd8 Kxd8 24. Nd6 $18) 23. Rxc8 Rxc8 24. Rd4 $16 {[%csl Rb4]}) 20. Rhd1 f6 {
White's edge is minimal, if any at all.} 21. Rd2 (21. Nd4 Bf7 22. f4 (22. Nf5+
exf5 23. Bxf7 Kxf7 24. Rxd7+ Ke6 $11) 22... g5 $5 $132) 21... Rgd8 22. Rcd1 Nf8
23. Na7 Rxd2+ 24. Bxd2 Rc7 25. Nb5 Rc8 26. Na7 Rc7 27. Nb5 Rc8 28. Bf4 Be8 ({
With} 28... e5 {Black would even keep the bishop pair.} 29. Be3 (29. Bd2 Ne6
$11) 29... Bxe3 30. Kxe3 Rc2 31. Rd2 Rxd2 32. Kxd2 Be8 $11) 29. Nd6 (29. Bd6+
$2 Bxd6 30. Nxd6 Rc2+ $19) 29... Rd8 (29... Bxd6 30. Bxd6+ Kf7 31. Bb3 b5 32.
axb5 (32. Ra1) 32... Bxb5+ 33. Ke3 a4 34. Ba2 Ng6 {is also very close to equal}
) 30. Nxe8 Rxe8 31. Bd2 Ng6 {White's bishops don't secure an advantage here.
They are not particularly active, while the B on c5 is stable and all Black
needs to do is to bring the knight to c6.} 32. Rc1 (32. Bc4 Rd8 (32... Nxh4 33.
Rh1 Ng6 (33... Nxg2 $2 34. Rh2 $18) (33... g5 34. g3) 34. Rxh5 $14) 33. g3 (33.
Bb5 $2 Nxh4 34. Rh1 Nxg2 35. Rh2 Rxd2+ 36. Kxd2 Nf4 $17) 33... Ne5 34. Bb5 Rd6
$11 {followed by Nc6 anyway}) 32... Rd8 (32... Nxh4 33. Rh1 Ng6 (33... Nxg2 $2
34. Rh2 $18) 34. Rxh5 {is not necessary for Black}) 33. g3 Ne5 34. Bc3 Nc6 35.
Bc4 Nd4+ 36. Bxd4 Rxd4 37. b3 g6 1/2-1/2

[Event "Candidates sf"]
[Site "Elista"]
[Date "2007.05.31"]
[Round "1.4"]
[White "Rublevsky, Sergei"]
[Black "Ponomariov, Ruslan"]
[Result "1/2-1/2"]
[WhiteElo "2680"]
[BlackElo "2717"]
[Annotator "Ftacnik,L"]
[PlyCount "111"]
[EventDate "2007.05.27"]
[EventType "k.o."]
[EventRounds "12"]
[EventCountry "RUS"]
[SourceTitle "CBM 119"]
[Source "ChessBase"]
[SourceDate "2007.08.01"]
[SourceVersion "1"]
[SourceVersionDate "2007.08.01"]
[SourceQuality "1"]

1. e4 c5 2. Nf3 d6 3. d4 cxd4 4. Nxd4 Nf6 5. Nc3 a6 6. Bc4 e6 7. Bb3 b5 8. O-O
Be7 9. Qf3 Qb6 10. Be3 Qb7 11. Qg3 b4 12. Na4 Nbd7 13. f3 O-O 14. Rac1 Rb8 {
This slightly mysterious move controls the square b6 and thus indirectly
questions the integrity of the white knight on a4.} 15. c3 (15. Rfd1 Ne5 16. c4
bxc3 17. Rxc3 Bd7 18. Nb6 Qxb6 19. Nf5 exf5 20. Bxb6 Rxb6 21. exf5 Bxf5 22. Kh1
Re8 {0-1 Michiels,B (2454)-Schlosser,P (2562)/Differdange 2007/ (27)}) 15...
bxc3 16. Rxc3 Ne5 17. Rfc1 Bd7 18. Qe1 {Rublevsky plays a sensible move
instead of the dubious rook foray to c7.} (18. Rc7 Qb4 19. Ra7 Rfc8 (19... Bxa4
20. Rxe7 Bxb3 21. axb3 Rfc8 $11) 20. Ra1 Bxa4 21. Rxe7 Bxb3 22. axb3 Nc6 23.
Nxc6 Rxc6 $15) 18... Bd8 (18... Bxa4 $2 19. Bxa4 Qxb2 20. Bb3 $16) 19. Qd1 Ba5
(19... Bxa4 20. Bxa4 Qxb2 21. Bb3 Ba5 22. R3c2 Qa3 23. Nc6 Nxc6 24. Rxc6 Bb4
25. Ba7 $14) 20. R3c2 Rfc8 {Ponomariov has no reason to complain about the
outcome of the opening. White's queen has returned from g3 to its original
square d1 giving Black enough time to equalise matters.} 21. Rxc8+ (21. Qe2 h6
$11) 21... Rxc8 22. Rxc8+ Qxc8 23. Bd2 Qc7 24. Bxa5 (24. Qe2 Bxd2 25. Qxd2 a5
$11) 24... Qxa5 25. Nc3 Qc5 26. Kf1 a5 27. Nde2 (27. Na4 $2 Bxa4 28. Bxa4 Nc4
$17) 27... Kf8 28. Qd4 {White is indirectly offering a draw as his position
promises no advantage.} Qxd4 29. Nxd4 Nd3 30. Ke2 (30. Nd1 Nc1 31. Bc4 d5 32.
exd5 exd5 33. Ne2 Nxe2 34. Bxe2 Ke7 $11) 30... Nxb2 31. Kd2 a4 32. Kc2 $1 (32.
Bc2 $2 Ke7 $17) 32... axb3+ 33. axb3 e5 {Black's knight is trapped but it did
a good job of eliminating White's queenside pawn majority.} (33... Nc4 34. bxc4
Ke7 $11) 34. Nde2 Nc4 (34... Ke7 35. Kxb2 Ke6 36. Ng3 g6 37. b4 d5 38. exd5+
Nxd5 39. Nxd5 Kxd5 40. Ne4 Bc6 41. Kc3 $11) 35. bxc4 Be6 36. Nd5 (36. Kd3 Ke7
37. Nc1 Nd7 38. Nd5+ Bxd5 39. cxd5 $11) 36... Nd7 (36... Nxd5 37. exd5 Bf5+ 38.
Kc3 Ke7 39. Ng3 $14) 37. Nec3 f5 38. Nb5 (38. exf5 Bxf5+ 39. Kd2 Be6 $11) 38...
fxe4 39. fxe4 Bxd5 40. cxd5 {This position is completely equal as White can
not hope to exploit his minimal space superiority.} (40. exd5 Ke7 $11) 40...
Ke7 41. Kd3 Nf6 42. Na3 Ng4 43. h3 Nf6 (43... Nf2+ 44. Ke3 Nd1+ 45. Ke2 Nc3+
46. Kd3 Na4 $11) 44. Nc4 Kd7 (44... Nh5 45. Ke3 Nf4 46. Kf2 Nd3+ $11) 45. Ke3
Ke7 46. Kf3 Kd7 47. g4 h6 48. Ne3 g6 49. Ng2 Ke7 50. Nh4 Kf7 51. Ke3 Nh7 52.
Nf3 Kf6 {It is never too late to blow the whole game with a horrible blunder...
} (52... Ng5 $4 53. Nxg5+ hxg5 54. Kd3 Ke7 55. Kc4 Kd7 56. Kb5 Kc7 57. Ka6 $18)
53. h4 Ke7 54. Nd2 Nf6 55. Kf3 Kd7 56. g5 (56. g5 hxg5 57. hxg5 Nh5 58. Nc4 Nf4
$11) 1/2-1/2